[Event "ROM-ch U10 Boys"]
[Site "Voineasa"]
[Date "2008.04.15"]
[Round "6"]
[White "Nechita, Sebastian Razvan"]
[Black "Chespi, Faysal Eldin"]
[Result "1-0"]
[WhiteElo "401"]
[BlackElo "401"]
[PlyCount "69"]
[EventDate "2008.04.08"]
[EventType "swiss"]
[EventRounds "9"]
[EventCountry "ROU"]
[SourceTitle "EXT 2013"]
[Source "ChessBase"]
[SourceDate "2012.11.22"]
[SourceVersion "1"]
[SourceVersionDate "2012.11.22"]
[SourceQuality "1"]

1. c4 e5 2. Nc3 Nf6 3. e3 d5 4. d4 exd4 5. exd4 Qe7+ 6. Nge2 dxc4 7. Be3 Bd7 8. Nf4 Nc6 9. Bxc4 0-0-0 10. 0-0 Ng4 11. Nfd5 Nxe3 12. Nxe7+ Bxe7 13. fxe3 f6 14. Nd5 Bd6 15. Qa4 Nxd4 16. Qxa7 Nc6 17. Qa8+ Nb8 18. a4 c6 19. Nb6+ Kc7 20. Ra2 Kxb6 21. a5+ Kc5 22. Ra4 Bxh2+ 23. Kxh2 b5 24. Qa7+ Kd6 25. Rd1+ Ke7 26. Bxb5 cxb5 27. Re4+ Kf7 28. Red4 Ke7 29. Qb7 g6 30. a6 Nxa6 31. Rxd7+ Rxd7 32. Qxd7+ Kf8 33. Rc1 Nc5 34. Rxc5 Rg8 35. Rc8# 1-0

[Event "ROM-ch U10 Boys"]
[Site "Voineasa"]
[Date "2008.04.13"]
[Round "3"]
[White "Nechita, Sebastian Razvan"]
[Black "Stavila, Radu Adrian"]
[Result "1-0"]
[WhiteElo "401"]
[BlackElo "440"]
[PlyCount "41"]
[EventDate "2008.04.08"]
[EventType "swiss"]
[EventRounds "9"]
[EventCountry "ROU"]
[SourceTitle "EXT 2013"]
[Source "ChessBase"]
[SourceDate "2012.11.22"]
[SourceVersion "1"]
[SourceVersionDate "2012.11.22"]
[SourceQuality "1"]

1. c4 e5 2. Nc3 Nf6 3. e4 c6 4. d3 d5 5. d4 Bb4 6. Bd2 exd4 7. Nxd5 Bxd2+ 8. Qxd2 cxd5 9. cxd5 0-0 10. Qxd4 Re8 11. Bd3 Nc6 12. Qe3 Ne5 13. Bc2 Qa5+ 14. Kd1 Nc4 15. Qd4 Ng4 16. Nh3 Nd6 17. f3 Nb5 18. Qa4 Ne3+ 19. Ke2 Nd4+ 20. Kd3 Qc7 21. Qxe8# 1-0